Barratclough (VO) v Tees and Hartlepool Port Authority (Record no. 74269)

MARC details
000 -LEADER
fixed length control field 01586cab a2200277 4500
001 - CONTROL NUMBER
control field ABS67665
008 - FIXED-LENGTH DATA ELEMENTS--GENERAL INFORMATION
fixed length control field 040316n2004 000 0 eng u
035 ## - SYSTEM CONTROL NUMBER
System control number (Sirsi) u125423
245 ## - TITLE STATEMENT
Title Barratclough (VO) v Tees and Hartlepool Port Authority
260 ## - PUBLICATION, DISTRIBUTION, ETC.
Date of publication, distribution, etc. 2004
490 ## - SERIES STATEMENT
Series statement Rating Appeals
Volume/sequential designation [2004] RA 1-14(8)
520 ## - SUMMARY, ETC.
Summary, etc. RA/60/2000, 15 January 2004. VO appealed against valuation tribunal decision allowing ratepayer T's appeal which held that premises occupied by T as headquarters offices should be deleted from the rating list as a separate hereditament. LT allowed VO's appeal on the grounds that the building was not operational land,since taking account of the surroundings, the situation of the hereditament in relation to other parts of the undertaking, and the nature of the building in terms of its design and function. It was comparable rather with land in general than with statutory undertaking land. Therefore it should be included as a separate entry on the rating list. View decision at www.landstribunal.gov.uk.
590 ## - LOCAL NOTE (RLIN)
Local note ABS
650 ## - SUBJECT ADDED ENTRY--TOPICAL TERM
Topical term or geographic name entry element RATING APPEALS
650 ## - SUBJECT ADDED ENTRY--TOPICAL TERM
Topical term or geographic name entry element RATING LIST
650 ## - SUBJECT ADDED ENTRY--TOPICAL TERM
Topical term or geographic name entry element HEADQUARTERS BUILDINGS
650 ## - SUBJECT ADDED ENTRY--TOPICAL TERM
Topical term or geographic name entry element OFFICES
650 ## - SUBJECT ADDED ENTRY--TOPICAL TERM
Topical term or geographic name entry element BARRATCLOUGH (VO) V TEES AND HARTLEPOOL PORT AUTHORITY
650 ## - SUBJECT ADDED ENTRY--TOPICAL TERM
Topical term or geographic name entry element OPERATIONAL PROPERTY
650 ## - SUBJECT ADDED ENTRY--TOPICAL TERM
Topical term or geographic name entry element LOCAL GOVERNMENT FINANCE ACT 1988
650 ## - SUBJECT ADDED ENTRY--TOPICAL TERM
Topical term or geographic name entry element NON-DOMESTIC RATING (MISCELLANEOUS PROVISIONS) (NO 2) REGULATIONS 1989 REG 5
650 ## - SUBJECT ADDED ENTRY--TOPICAL TERM
Topical term or geographic name entry element TOWN AND COUNTRY PLANNING ACT 1990 S262(1)
650 ## - SUBJECT ADDED ENTRY--TOPICAL TERM
Topical term or geographic name entry element STATUTORY UNDERTAKERS
690 ## - LOCAL SUBJECT ADDED ENTRY--TOPICAL TERM (OCLC, RLIN)
Topical term or geographic name as entry element RATING AND LOCAL TAXATION-CASE LAW
942 ## - ADDED ENTRY ELEMENTS (KOHA)
Suppress in OPAC 0
Holdings
Withdrawn status Lost status Source of classification or shelving scheme Damaged status Not for loan Home library Current library Shelving location Date acquired Total Checkouts Full call number Barcode Date last seen Copy number Price effective from Koha item type
    Dewey Decimal Classification     London London Journal article 16/03/2004   ABS67665 125423-1001 06/08/2019 1 06/08/2019 Journal article